000
00317nam a22001337a 4500
008
181221b xxu||||| |||| 00| 0 eng d
020
_a
00308996770
041
_a
eng
080
_2
3 TH
_a
311
100
_a
55
101
_a
STA
245
_a
Indroctory StatisticsFor Behavior Sciences
_c
Young.v
942
_2
udc
_c
BK
999
_c
53630
_d
53630